The myth of ownership (Registro nro. 310636)

Detalles MARC
000 -ENCABEZADO
Número de control [NR] 00747 a2200205 4500
005 - FECHA Y HORA DE LA ÚLTIMA TRANSACCIÓN
control field 20181102134352.0
008 - DE LONGITUD FIJA DE DATOS DE ELEMENTOS - INFORMACIÓN GENERAL
Elementos de longitud fija [NR] 181017s2002 nyu||||| |||| 00| 0 eng d
020 ## - NUMERO INTERNACIONAL NORMALIZADO PARA LIBROS [R]
Número Internacional Normalizado del libro [NR] 9780195176568
040 ## - FUENTE DE CATALOGACION [NR]
Agencia de catalogación original [NR] CO-BoUCM
Idioma de catalogación [NR] spa
Quien Cataloga Doris Forero
Quien Clasifica Doris Forero
041 ## - CODIGO DE IDIOMA [R]
Código de idioma para texto/pista de sonido o título separado [R] Inglés
100 10 - ASIENTO PRINCIPAL--NOMBRE PERSONAL [NR]
Nombre personal [NR] Murphy, Liam , Nagel, Thomas
ID Autoridad 94040
245 10 - MENCION DE TITULO [NR]
Título [NR] The myth of ownership
Parte restante del título [NR] taxes and justice
Mención de responsabilidad, etc. [NR] Murphy, Liam , Nage,Thomas
260 ## - PUBLICACION, DISTRIBUCION, ETC. (PIE DE IMPRENTA) [R]
Lugar de publicación, distribución, etc. [R] New York
Nombre del editor, distribuidor, etc. [R] Oxford University Press
Fecha de publicación, distribución, etc. [R] 2002
300 ## - DESCRIPCION FISICA [R]
Extensión [R] 228 Páginas
650 #7 - ASIENTO SECUNDARIO DE MATERIA - TERMINO TEMATICO [R]
9 (RLIN) 17233
Término temático o nombre geográfico como elemento de entrada [NR] Impuestos
Subdivisión general [R] Sistema Político
650 #7 - ASIENTO SECUNDARIO DE MATERIA - TERMINO TEMATICO [R]
Término temático o nombre geográfico como elemento de entrada [NR] Economía
Subdivisión general [R] Derechos de Propiedad
9 (RLIN) 94041
650 #7 - ASIENTO SECUNDARIO DE MATERIA - TERMINO TEMATICO [R]
9 (RLIN) 18201
Término temático o nombre geográfico como elemento de entrada [NR] Justicia distributiva
Subdivisión general [R] Incidencia fiscal
942 ## - ELEMENTOS DE ENTRADA AGREGADOS (KOHA)
Tipo de ítem principal el descrito en 300a Libro
Sistema de clasificación DEWEY
Tema principal Economía
Edición 1
Clasificación 336.291
Parte restante de la signatura top. L613
Existencias
Fecha de último préstamo Total préstamos Total Renewals Signatura topográfica Código de barras Última vez visto Ejemplar Costo de reposición Price effective from Tipo de ítem Perdido Sistema de clasificación Dañado No prestable Suprimido Ubicación habitual Ubicación actual Localización Fecha de creación Proveedor Forma de adquisición Costo
06/08/2019 1 1 336.291 L613 100158152 04/12/2025 Ej.1 84646.00 04/10/2018 Libro   DEWEY       Claustro Claustro Mezanine 04/10/2018 15 Compra 84646.00